[Event "Plzen op-A"]
[Site "Plzen"]
[Date "2001.??.??"]
[Round "1"]
[White "Sustr, Radek"]
[Black "Beil, Martin"]
[Result "0-1"]
[WhiteElo "1955"]
[BlackElo "2005"]
[PlyCount "44"]
[EventDate "2001.??.??"]
[EventType "swiss"]
[EventRounds "9"]
[EventCountry "CZE"]
[SourceTitle "EXT 2003"]
[Source "ChessBase"]
[SourceDate "2002.11.25"]
[SourceVersion "1"]
[SourceVersionDate "2002.11.25"]
[SourceQuality "1"]

1. d4 e6 2. Nf3 Nf6 3. g3 b6 4. Bg2 Bb7 5. 0-0 Be7 6. Nbd2 0-0 7. b3 c5 8. dxc5 bxc5 9. Bb2 d5 10. Ne5 Nfd7 11. Nd3 Qc7 12. e4 c4 13. exd5 cxd3 14. dxe6 Bxg2 15. Kxg2 dxc2 16. Qf3 Nb6 17. Qg4 f6 18. Rac1 Na6 19. Qe4 Rac8 20. f3 Rfd8 21. Rf2 Bb4 22. Nc4 Nxc4 0-1

[Event "Plzen op-A"]
[Site "Plzen"]
[Date "2001.??.??"]
[Round "6"]
[White "Sustr, Radek"]
[Black "Reitinger, Petr"]
[Result "1/2-1/2"]
[WhiteElo "1955"]
[BlackElo "2045"]
[PlyCount "95"]
[EventDate "2001.??.??"]
[EventType "swiss"]
[EventRounds "9"]
[EventCountry "CZE"]
[SourceTitle "EXT 2003"]
[Source "ChessBase"]
[SourceDate "2002.11.25"]
[SourceVersion "1"]
[SourceVersionDate "2002.11.25"]
[SourceQuality "1"]

1. d4 d5 2. Nf3 Nf6 3. g3 c6 4. Bg2 Bf5 5. Nbd2 Qc8 6. 0-0 Bh3 7. c4 Bxg2 8. Kxg2 e6 9. c5 Nbd7 10. Qc2 Be7 11. a4 e5 12. dxe5 Ng4 13. b4 Ngxe5 14. Bb2 Bf6 15. e4 0-0 16. exd5 cxd5 17. Rfd1 b6 18. Nxe5 Nxe5 19. Rac1 bxc5 20. Bxe5 Bxe5 21. Nf3 Bf6 22. Qxc5 Qxc5 23. bxc5 Rfd8 24. Nd4 Bxd4 25. Rxd4 Rac8 26. c6 Kf8 27. Rf4 Rc7 28. Rb4 Rdc8 29. Rc5 Rxc6 30. Rxd5 R8c7 31. Rb8+ Ke7 32. Ra5 Rd6 33. Ra8 Rdd7 34. Ra6 f6 35. Rh8 h6 36. Rg8 Kf7 37. Ra8 Kg6 38. h4 Rd2 39. R6xa7 Rcc2 40. g4 Rxf2+ 41. Kg3 Rg2+ 42. Kf3 h5 43. gxh5+ Kxh5 44. Ra5+ g5 45. Rh8+ Kg6 46. h5+ Kg7 47. Raa8 Rh2 48. Raf8 1/2-1/2